|
|
|
|
| LEADER |
00000nam a2200000 i 4500 |
| 001 |
1/14273 |
| 008 |
001204s1994 eng d |
| 020 |
|
|
|a 0-471-01884-8
|
| 035 |
|
|
|l 10064940
|
| 040 |
|
|
|a GR-MY-UA
|b gre
|e aacr
|
| 041 |
0 |
|
|a eng
|
| 082 |
0 |
|
|a 658.4063
|
| 100 |
1 |
|
|a Watson, Gregory H.
|
| 245 |
1 |
0 |
|a Business systems engineering :
|b managing breakthrough changes for productivity and profit /
|c Gregory H. Watson
|
| 260 |
|
|
|a New York :
|b Wiley,
|c c1994
|
| 300 |
|
|
|a xvi, 286 p.
|
| 504 |
|
|
|a Includes bibliographical references and index
|
| 650 |
0 |
0 |
|a Organizational change
|x Management.
|
| 650 |
0 |
0 |
|a Industrial management.
|
| 852 |
|
|
|a INST
|b CHIOS
|e 20001204
|h 658.4063 WAT
|p 005200017068
|q 005200017068
|t BK
|y 0
|
| 901 |
|
|
|a BIBL2-2001-1
|
| 909 |
|
|
|a Χ
|b 082395
|
| 922 |
|
|
|a 2ΕΛΗ
|b 200010
|c ΤΜΟΔ
|d ΜΙΧΑΛΟΠΟΥΛΟΣ
|
| 950 |
|
|
|a 186-2000-09-14
|
| 970 |
|
|
|a ΣΑΛΑΜΟΥΡΑ
|b ΜΑΡΙΑ
|z 2001/01/10
|